00784nam a2200193 a 4500008004100000020001500041050001500056100001700071245007400088260002800162300002000190350000900210650001300219650004200232650004700274995012100321999001700442952013100459100118s2003 ||||||||||||||||| || u a1844070190 aTD 627 Mar aMara, Duncan10aDomestic wastewater treatment in developing countriescby Duncan Mara aLondonbEarthscanc2003 axvi, 293p.: ill a0.00 aSEWERAGE aSEWAGE DISPOSAL--DEVELOPING COUNTRIES aSEWAGE--PURIFICATION--DEVELOPING COUNTRIES D0.00FCBU-MAIN LIBRARY (Kitwe)H1I0.00M1UAVAILABLEVMar 7, 2013WMar 3, 2010ZMain Library Open Access Collection c40452d40452 00102lcc4070a001b001cMain Library Open Access Collectiond2022-11-30l0oTD 627 Marp740619r2022-11-30w2022-11-30y002